书目信息 |
| 题名: |
分子轨道对称守恒原理及其在有机化学中的应用
|
|
| 作者: | 刘宗明 编 | |
| 分册: | ||
| 出版信息: | 北京 高等教育出版社 1982 |
|
| 页数: | 232页 | |
| 开本: | 19cm | |
| 丛书名: | ||
| 单 册: | ||
| 中图分类: | O641.12 | |
| 科图分类: | ||
| 主题词: | 量子化学 , 物理化学 | |
| 电子资源: | ||
| ISBN: | ||
| 000 | 00755nam0 2200253 45 | |
| 001 | 0182005248 | |
| 005 | 20060526100338.71 | |
| 010 | @dCNY1.15 | |
| 091 | @a13010.0838 | |
| 100 | @a19950630d1982 em y0chiy0121 ea | |
| 101 | 0 | @achi |
| 102 | @aCN@b110000 | |
| 105 | @ay z 000yy | |
| 200 | 10 | @a分子轨道对称守恒原理及其在有机化学中的应用@Afen zi gui dao dui chen shou heng yuan li ji qi zai you ji hua xue zhong de ying yong@f刘宗明编@FLiu Zong Ming Bian |
| 210 | @a北京@c高等教育出版社@d1982 | |
| 215 | @a232页@c图表@d19cm | |
| 300 | @a高等学校教学参考书 | |
| 606 | 0 | @a量子化学 |
| 606 | 0 | @a物理化学 |
| 690 | @aO641.12@v3 | |
| 701 | 0 | @a刘宗明@4编 |
| 801 | 2 | @aCN@bNLC@c20060526 |
| 801 | 0 | @aCN@b上海图书馆@c20060516 |
| 905 | @dO641.12@e12 | |
| 分子轨道对称守恒原理及其在有机化学中的应用/刘宗明编.-北京:高等教育出版社,1982 |
| 232页:图表;19cm |
| 高等学校教学参考书 |
| ISBN :CNY1.15 |
| ● |
| 相关链接 |
|
|
|
|
正题名:分子轨道对称守恒原理及其在有机化学中的应用
索取号:O641.12/12
 
预约/预借
| 序号 | 登录号 | 条形码 | 馆藏地/架位号 | 状态 | 备注 |
| 1 | 0107442 | 202388139 | 密集书库/ [索取号:O641.12/12] | 在馆 | |
| 2 | 0107443 | 202352300 | 密集书库/ [索取号:O641.12/12] | 在馆 | |
| 3 | 0107444 | 202178749 | 密集书库/ [索取号:O641.12/12] | 在馆 | |
| 4 | 0147693 | 000347823 | 第三借阅区/ [索取号:O641.12/12] | 在馆 | |
| 5 | 0147694 | 202178696 | 密集书库/ [索取号:O641.12/12] | 在馆 | |
| 6 | 0147695 | 202178703 | 密集书库/ [索取号:O641.12/12] | 在馆 | |
| 7 | 0147696 | 202178650 | 密集书库/ [索取号:O641.12/12] | 在馆 | |
| 8 | 0147697 | 202178794 | 密集书库/ [索取号:O641.12/12] | 在馆 | |
| 9 | 0147698 | 202178614 | 密集书库/ [索取号:O641.12/12] | 在馆 | |
| 10 | 0147699 | 000347841 | 第二样本阅览室/ [索取号:O641.12/12] | 在馆 | |
| 11 | 0147700 | 001941064 | 第三借阅区/ [索取号:O641.12/12] | 在馆 | |
| 12 | 0147701 | 000347832 | 第三借阅区/ [索取号:O641.12/12] | 在馆 | |
| 13 | 0147702 | 000347814 | 第三借阅区/ [索取号:O641.12/12] | 在馆 |